00490nam a2200193Ia 4500003000900000008004100009040001300050040001300063041000800076245004700084250002200131260002100153260000900174300001100183300001200194490004300206490000600249710004100255IT-RoPAU120407s9999 xx 000 0 und d aIT-RoPAU cIT-RoPAU aita aMaschio-femmina: nuovi padri e nuove madri aCinisello Balsamo aEdizioni Paoline c1992 a224 p. c21,5 cm aLa Famiglia nel mondo contemporaneo, 5 v1 aCentro Internazionale Studi Famiglia